000 00394nam a22001457a 4500
999 _c18862
_d18862
008 210226b xxu||||| |||| 00| 0 eng d
020 _a8121926249
050 _aQD251
_b.G46 2006 c.1
100 _aGhosh, Jayashree
245 _aFundamental concepts of applied chemistry
_cJayashree Ghosh
260 _aNew Delhi
_bS. Chand
_c2006
300 _a433p.
650 _achemistry
942 _2lcc
_cBK